|
|
|
|
| LEADER |
01165nam a2200265 a 4500 |
| 001 |
GR-MES12413 |
| 008 |
070606s gr b 001 0 gre d |
| 020 |
|
|
|a 0470095075
|
| 040 |
|
|
|a GrPaTEI
|b gre
|c GR-PaULI
|
| 040 |
|
|
|a GrPaTEI
|b gre
|c GR-PaULI
|
| 082 |
|
0 |
|a 621.384 56
|2 22
|
| 100 |
1 |
|
|a McGuiggan, Peter
|
| 245 |
1 |
0 |
|a GPRS in practice :
|b A companion to the specifications /
|c Peter McGuiggan.
|
| 260 |
|
|
|a Chichester
|a Hoboken :
|b Wiley,
|c 2004
|
| 300 |
|
|
|a xiv
|a 379σ. :
|b εικ. ;
|c 25εκ.
|
| 504 |
|
|
|a Περιλαμβάνει βιβλιογραφίες και ευρετήριο.
|
| 650 |
|
0 |
|a General Packet Radio Service
|
| 650 |
|
0 |
|a Global system for mobile communications
|
| 650 |
|
4 |
|a Ασύρματα δίκτυα
|
| 650 |
|
4 |
|a Ασύρματη επικοινωνία
|
| 650 |
|
4 |
|a Συστήματα ασύρματης επικοινωνίας
|
| 942 |
|
|
|2 ddc
|
| 952 |
|
|
|0 0
|1 0
|2 ddc
|4 0
|6 621_384000000000000_56_MCG
|7 0
|9 271102
|a MSLG
|b MSLG
|c BSC
|d 2021-01-17
|e 24
|f 0
|g 0.00
|l 0
|o 621.384 56 MCG
|p 2420000021911
|r 2021-01-17 00:00:00
|t 1
|w 2021-01-17
|y BK15
|x 20070606 0 ΜΑΤΣΙΩΡΗ 1
|x GrPaTEI
|
| 971 |
|
|
|a .b25784602
|b 15-04-20
|c 13-09-16
|
| 999 |
|
|
|c 156536
|d 156536
|